00324nam a2200121Ia 4500008004100000041000800041082001900049100001200068245004200080260004100122300003200163365000700195240624s9999 xx 000 0 und d aeng a658.312404 KAM aKAMP DI aEXCELLENT TRAINER PUTTING NLP TO WORK c2001aMumbaibJaico Publishing House axiii, : 203 : p. : cm. ; 24 cRS